NBA Cup Floors - Statistiken

Allgemein
  • Dieses Quiz wurde 249 mal gespielt
  • Das Durchschnittsergebnis liegt bei 25 aus 30
Antwortstatistiken
Bildquiz Antwort % Korrekt
Los Angeles Lakers
99%
Charlotte Hornets
97%
Chicago Bulls
96%
San Antonio Spurs
88%
Cleveland Cavalier
86%
Los Angeles Clippers
86%
New York Knicks
86%
Houston Rockets
85%
Indiana Pacers
85%
Miami Heat
85%
Brooklyn Nets
84%
Dallas Mavericks
84%
Minnesota Timberwolves
84%
Atlanta Hawks
83%
Denver Nuggets
83%
Detroit Pistons
83%
Memphis Grizzlies
83%
Milwaukee Bucks
83%
Orlando Magic
83%
Phoenix Suns
83%
Sacramento Kings
83%
Toronto Raptors
83%
New Orleans Pelicans
82%
Oklahoma City Thunder
82%
Utah Jazz
82%
Portland Trail Blazers
81%
Golden State Warriors
80%
Washington Wizards
78%
Philadelfi 76ers
77%
Boston Celtics
70%
Keine übereinstimmenden Quizze gefunden
Verteilung der Resultate
Anzahl Personen mit jedem Resultat
Perzentil nach korrekt beantworteten Fragen
Ihre Resultats-Entwicklung
Sie haben dieses Quiz noch nicht gespielt